000 00452nam a2200181Ia 4500
001 3694
005 20260306145702.0
008 260306t2017||||xx |||||||||||||| ||spa||
041 _aESP
082 _a302
_bM32
100 _aMaya Jariego, Isidro
_eAUT
245 0 _aEstrategias de intervención psicosocial:
_bcasos prácticos
260 _c2017
300 _a244 páginas :
_c24 cm.
650 _aGEN
654 _aCPS
942 _cLIB
_dJUS
_fJUS
_2ddc
_n
999 _c3694
_d3694